[Event "Xtracon Grandmaster "]
[Site "Koge"]
[Date "2013.10.15"]
[Round "2"]
[White "Ottesen, Soren Rud"]
[Black "Andersen, Daniel"]
[Result "0-1"]
[WhiteElo "1757"]
[BlackElo "1933"]
[PlyCount "73"]
[EventDate "2013.10.14"]
[EventType "swiss"]
[EventRounds "9"]
[EventCountry "DEN"]
[Source "ChessBase"]
[SourceDate "2013.11.20"]

1. e4 c5 2. Nf3 d6 3. d4 cxd4 4. Nxd4 Nf6 5. Nc3 g6 6. f3 Bg7 7. Be3 O-O 8. Qd2
Nc6 9. O-O-O Bd7 10. Kb1 Rc8 11. g4 h5 12. g5 Ne8 13. Nxc6 bxc6 14. Bc4 c5 15.
Qd3 Rb8 16. Bc1 Nc7 17. f4 Kh7 18. f5 Na8 19. f6 exf6 20. Qxd6 Bg4 21. Qxd8
Rbxd8 22. Rxd8 Rxd8 23. Nd5 Nb6 24. Nxb6 axb6 25. gxf6 Bxf6 26. Bxf7 Rd7 27.
Bd5 Be5 28. h4 b5 29. Rf1 b4 30. Rf7+ Rxf7 31. Bxf7 Bf6 32. Bg5 Bxg5 33. hxg5
h4 34. e5 Bf3 35. e6 Kg7 36. Be8 h3 37. e7 0-1

[Event "Xtracon Grandmaster "]
[Site "Koge"]
[Date "2013.10.15"]
[Round "2"]
[White "Percivaldi, Martin"]
[Black "Kjartansson, Gudmundur"]
[Result "0-1"]
[WhiteElo "2191"]
[BlackElo "2447"]
[PlyCount "98"]
[EventDate "2013.10.14"]
[EventType "swiss"]
[EventRounds "9"]
[EventCountry "DEN"]
[Source "ChessBase"]
[SourceDate "2013.11.20"]

1. d4 g6 2. c4 Bg7 3. g3 Nf6 4. Bg2 O-O 5. Nc3 d6 6. Nf3 c6 7. O-O Qa5 8. e4 e5
9. h3 Nbd7 10. Re1 exd4 11. Nxd4 Ne5 12. Bf1 Re8 13. Be3 c5 14. Nb3 Qb4 15. a3
Qb6 16. Nd2 Qd8 17. Qc2 Nc6 18. Nd5 Nxd5 19. cxd5 Nd4 20. Qd1 b6 21. Bg2 Bd7
22. Rb1 Qc8 23. Kh2 Qa6 24. Nf3 Ba4 25. Qd2 Nb3 26. Qe2 Qxe2 27. Rxe2 Bb5 28.
Ree1 Bd3 29. Nd2 Nxd2 30. Bxd2 Bxb1 31. Rxb1 f5 32. Bc3 fxe4 33. Re1 Bxc3 34.
bxc3 e3 35. fxe3 Kg7 36. g4 Rf8 37. Kg3 Rae8 38. e4 Kf6 39. Rb1 Ke5 40. a4 Re7
41. g5 Ref7 42. Rb2 Rf4 43. Re2 R8f7 44. Rb2 Rxe4 45. Bxe4 Kxe4 46. Re2+ Kxd5
47. Rd2+ Kc4 48. Rxd6 Kxc3 49. Rf6 Re7 0-1

[Event "Xtracon Grandmaster "]
[Site "Koge"]
[Date "2013.10.15"]
[Round "2"]
[White "Petersen, Henry"]
[Black "Moller, Arne"]
[Result "1-0"]
[WhiteElo "1405"]
[BlackElo "1847"]
[PlyCount "49"]
[EventDate "2013.10.14"]
[EventType "swiss"]
[EventRounds "9"]
[EventCountry "DEN"]
[Source "ChessBase"]
[SourceDate "2013.11.20"]

1. e4 c5 2. Nf3 d6 3. d4 cxd4 4. Nxd4 Nf6 5. Nc3 a6 6. Be3 e6 7. Be2 Be7 8. f4
Qc7 9. Bf3 O-O 10. Qd2 Nbd7 11. g4 Rd8 12. g5 Ne8 13. O-O-O Ne5 14. fxe5 dxe5
15. Qg2 exd4 16. Bxd4 Qf4+ 17. Kb1 e5 18. Bf2 Rxd1+ 19. Rxd1 Be6 20. h4 Rd8 21.
Nd5 Bxd5 22. exd5 f5 23. Bg3 Qb4 24. Bxe5 Qxh4 25. Rg1 1-0

[Event "Xtracon Grandmaster "]
[Site "Koge"]
[Date "2013.10.15"]
[Round "2"]
[White "Preuss, Flemming"]
[Black "Akdag, Dara Sevkan"]
[Result "1/2-1/2"]
[WhiteElo "1980"]
[BlackElo "2278"]
[PlyCount "186"]
[EventDate "2013.10.14"]
[EventType "swiss"]
[EventRounds "9"]
[EventCountry "DEN"]
[Source "ChessBase"]
[SourceDate "2013.11.20"]

1. c4 Nf6 2. Nc3 c5 3. e4 Nc6 4. g3 e6 5. Bg2 Be7 6. Nge2 O-O 7. O-O b6 8. d4
cxd4 9. Nxd4 Bb7 10. Be3 Rc8 11. b3 d6 12. Qe2 Qc7 13. Rad1 Rfe8 14. h3 Qb8 15.
f4 a6 16. Qd2 Ba8 17. g4 Nxd4 18. Qxd4 b5 19. cxb5 axb5 20. Rc1 d5 21. exd5 Bc5
22. Qd3 Bxe3+ 23. Qxe3 Nxd5 24. Nxd5 Bxd5 25. Rxc8 Qxc8 26. Re1 Bxg2 27. Kxg2
Qa8+ 28. Qf3 Qxa2+ 29. Re2 Qa6 30. f5 Qc8 31. Re5 Qd7 32. Qe2 b4 33. Qb5 Qc8
34. fxe6 fxe6 35. Qxb4 Qc2+ 36. Kg3 Rf8 37. Qd4 Qxb3+ 38. Qe3 Qb8 39. Kg2 Qb7+
40. Kg3 Qc7 41. Kg2 Qc6+ 42. Kg3 Qd6 43. Kg2 Rb8 44. Rxe6 Rb2+ 45. Kf3 Qd5+ 46.
Qe4 Rb3+ 47. Kg2 Qd2+ 48. Qe2 Qd5+ 49. Qe4 Rb2+ 50. Kf3 Rb3+ 51. Kg2 Qxe4+ 52.
Rxe4 Kf7 53. h4 Kf6 54. Ra4 Rb6 55. Kg3 Kg6 56. Kf4 h5 57. gxh5+ Kxh5 58. Kf5
Rf6+ 59. Ke5 Rf1 60. Ra7 Rg1 61. Kf4 Kxh4 62. Kf3 Rg6 63. Ra8 Rf6+ 64. Kg2 Kg4
65. Ra3 Rg6 66. Ra4+ Kf5+ 67. Kf3 Re6 68. Rf4+ Kg6 69. Rg4+ Kf7 70. Kg3 Rg6 71.
Rxg6 Kxg6 72. Kg4 Kf6 73. Kf4 Ke6 74. Kg5 Ke7 75. Kg6 Kf8 76. Kg5 Kf7 77. Kf5
g6+ 78. Kg5 Kg7 79. Kg4 Kg8 80. Kf4 Kh7 81. Kg5 Kg7 82. Kg4 Kh6 83. Kh4 g5+ 84.
Kg4 Kg6 85. Kg3 Kh5 86. Kh3 g4+ 87. Kg3 Kg5 88. Kg2 Kf4 89. Kf2 g3+ 90. Kg2 Kg4
91. Kg1 Kh3 92. Kh1 g2+ 93. Kg1 Kg3 1/2-1/2

[Event "Xtracon Grandmaster "]
[Site "Koge"]
[Date "2013.10.15"]
[Round "2"]
[White "Rozentalis, Eduardas"]
[Black "Akesson, Ralf"]
[Result "1-0"]
[WhiteElo "2616"]
[BlackElo "2465"]
[PlyCount "43"]
[EventDate "2013.10.14"]
[EventType "swiss"]
[EventRounds "9"]
[EventCountry "DEN"]
[Source "ChessBase"]
[SourceDate "2013.11.20"]

1. e4 c6 2. Nc3 d5 3. Nf3 Bg4 4. h3 Bxf3 5. Qxf3 Nf6 6. d3 e6 7. a3 Nbd7 8. g3
dxe4 9. dxe4 Bc5 10. Bg2 a5 11. O-O Qe7 12. Qe2 e5 13. Nd1 a4 14. Bg5 Qe6 15.
Ne3 g6 16. Qc4 Qxc4 17. Nxc4 Nh5 18. Bf3 h6 19. Bxh5 hxg5 20. Bg4 f6 21. Rad1
Rd8 22. Na5 1-0

[Event "Xtracon Grandmaster "]
[Site "Koge"]
[Date "2013.10.15"]
[Round "2"]
[White "Semcesen, Daniel"]
[Black "Ulibin, Mikhail"]
[Result "1/2-1/2"]
[WhiteElo "2490"]
[BlackElo "2523"]
[PlyCount "97"]
[EventDate "2013.10.14"]
[EventType "swiss"]
[EventRounds "9"]
[EventCountry "DEN"]
[Source "ChessBase"]
[SourceDate "2013.11.20"]

1. d4 d5 2. c4 c5 3. cxd5 Qxd5 4. e3 e6 5. Nc3 Qd8 6. Nf3 Nf6 7. Bc4 a6 8. a4
Nc6 9. O-O Be7 10. Qe2 cxd4 11. Rd1 e5 12. exd4 exd4 13. Nxd4 Nxd4 14. Qe5 Qd6
15. Qxd4 Qxd4 16. Rxd4 Bc5 17. Rd1 Be6 18. Bxe6 fxe6 19. Bg5 Rd8 20. Rxd8+ Kxd8
21. Rd1+ Kc7 22. Kf1 Rd8 23. Rxd8 Kxd8 24. Ke2 Kd7 25. f3 Nd5 26. Ne4 Bd4 27.
b3 Kc6 28. Bd2 h6 29. Kd3 Be5 30. g3 b6 31. Nf2 Bb2 32. Ng4 Kc5 33. Nf2 Kc6 34.
f4 Ba3 35. Ne4 Bb2 36. g4 g6 37. h3 Bg7 38. Ng3 Bf8 39. Ne2 Nf6 40. Bc3 Nd7 41.
Bd4 Nc5+ 42. Bxc5 Kxc5 43. Nc3 Bg7 44. Ne2 a5 45. Ng3 Kb4 46. Kc2 Kc5 47. Kd3
Kb4 48. Kc2 Kc5 49. Kd3 1/2-1/2

[Event "Xtracon Grandmaster "]
[Site "Koge"]
[Date "2013.10.15"]
[Round "2"]
[White "Smith, Axel"]
[Black "Solodovnichenko, Yuri"]
[Result "0-1"]
[WhiteElo "2460"]
[BlackElo "2583"]
[PlyCount "68"]
[EventDate "2013.10.14"]
[EventType "swiss"]
[EventRounds "9"]
[EventCountry "DEN"]
[Source "ChessBase"]
[SourceDate "2013.11.20"]

1. d4 g6 2. e4 d6 3. Nc3 Bg7 4. f4 a6 5. Nf3 Nd7 6. Bc4 e6 7. a4 Ne7 8. a5 O-O
9. O-O c5 10. Be3 Qc7 11. Be2 cxd4 12. Nxd4 e5 13. Nf3 exf4 14. Bxf4 Ne5 15.
Qd2 Be6 16. Rfd1 Nxf3+ 17. gxf3 Be5 18. Be3 d5 19. Nxd5 Bxh2+ 20. Kh1 Bxd5 21.
exd5 Nf5 22. Ra4 Rfe8 23. Bb6 Qd7 24. Re4 Bd6 25. Kg1 Ng3 26. Rxe8+ Rxe8 27.
Bf1 Qf5 28. Qg2 Nh5 29. c4 Nf4 30. Qg4 Qc2 31. Qd7 Ne2+ 32. Kh1 Ng3+ 33. Kg1
Qxd1 34. Qxe8+ Kg7 0-1

[Event "Xtracon Grandmaster "]
[Site "Koge"]
[Date "2013.10.15"]
[Round "2"]
[White "Stuhr, Peter Sebastian"]
[Black "Andersen, Finn"]
[Result "0-1"]
[WhiteElo "1939"]
[BlackElo "2060"]
[PlyCount "68"]
[EventDate "2013.10.14"]
[EventType "swiss"]
[EventRounds "9"]
[EventCountry "DEN"]
[Source "ChessBase"]
[SourceDate "2013.11.20"]

1. e4 e5 2. Bc4 d6 3. c3 Nf6 4. d3 Be7 5. f4 c6 6. Nf3 Nbd7 7. O-O O-O 8. Qe1
Qc7 9. f5 d5 10. Bb3 dxe4 11. dxe4 b6 12. Bg5 Nc5 13. Bc2 Ba6 14. Bxf6 Bxf6 15.
Rf2 Rad8 16. Nbd2 Nd3 17. Bxd3 Rxd3 18. g4 Be7 19. Kh1 Rfd8 20. Rg2 Bc5 21. Qh4
Be3 22. Rd1 Bf4 23. Qf2 Re3 24. Re1 Red3 25. Rd1 c5 26. g5 Bb7 27. Qe1 Qd7 28.
Rf2 Re3 29. Qf1 Bxe4 30. f6 Bxf3+ 31. Rxf3 Rxf3 32. Qxf3 Qd5 33. Kg2 Qxf3+ 34.
Kxf3 Rxd2 0-1

[Event "Xtracon Grandmaster "]
[Site "Koge"]
[Date "2013.10.15"]
[Round "2"]
[White "Svensson, Soren"]
[Black "Jorgensen, Mikkel"]
[Result "0-1"]
[WhiteElo "2015"]
[BlackElo "1866"]
[PlyCount "74"]
[EventDate "2013.10.14"]
[EventType "swiss"]
[EventRounds "9"]
[EventCountry "DEN"]
[Source "ChessBase"]
[SourceDate "2013.11.20"]

1. d4 Nf6 2. c4 d6 3. Nf3 Nbd7 4. Nc3 e5 5. d5 Be7 6. e4 O-O 7. Bd3 c6 8. O-O
a6 9. b4 c5 10. a3 h6 11. Bd2 Nh7 12. Na4 b6 13. Rb1 Ng5 14. Ne1 Nf6 15. f3 Bd7
16. Nc3 Rb8 17. Rf2 Nh5 18. Be3 Nf4 19. Bf1 f5 20. Rfb2 Qc7 21. Qd2 Ng6 22. Bd3
f4 23. Bf2 h5 24. Rb3 h4 25. Qb2 Bd8 26. Bf1 h3 27. bxc5 dxc5 28. d6 Qxd6 29.
Rd1 Qe6 30. Nd5 Ba4 31. Bxc5 bxc5 32. Rxb8 Bxd1 33. Nd3 Nh4 34. Qf2 hxg2 35.
Bxg2 Nhxf3+ 36. Kf1 Nxh2+ 37. Ke1 Ba5+ 0-1

[Event "Xtracon Grandmaster "]
[Site "Koge"]
[Date "2013.10.15"]
[Round "2"]
[White "Tolba, Henri"]
[Black "Elzubeir, Omar"]
[Result "1/2-1/2"]
[WhiteElo "1716"]
[BlackElo "1448"]
[PlyCount "95"]
[EventDate "2013.10.14"]
[EventType "swiss"]
[EventRounds "9"]
[EventCountry "DEN"]
[Source "ChessBase"]
[SourceDate "2013.11.20"]

1. e4 Nf6 2. e5 Nd5 3. d4 e6 4. c4 Nb6 5. Nf3 d6 6. Bf4 N8d7 7. Nc3 Be7 8. Nb5
a6 9. exd6 axb5 10. dxe7 Qxe7 11. c5 Nd5 12. Bg5 f6 13. Be3 c6 14. Qd2 b6 15.
b4 bxc5 16. bxc5 b4 17. Bc4 Ba6 18. Bxa6 Rxa6 19. O-O O-O 20. Bf4 Nxf4 21. Qxf4
e5 22. dxe5 Qxc5 23. e6 Ne5 24. e7 Re8 25. Nxe5 fxe5 26. Qd2 Qxe7 27. Qc2 Qe6
28. Rfd1 Rea8 29. Qb2 c5 30. Rd2 Ra3 31. Rad1 Rxa2 32. Rd8+ Rxd8 33. Rxd8+ Kf7
34. Qb1 b3 35. Qd1 Ke7 36. Rb8 Qd6 37. Rb7+ Ke6 38. Qxb3+ c4 39. Qxc4+ Kf5 40.
Rf7+ Kg6 41. h4 Ra1+ 42. Kh2 h5 43. f4 exf4 44. Rxf4 Ra5 45. Qf7+ Kh6 46. Qf8
Rd5 47. Qxd6+ Rxd6 48. Kg3 1/2-1/2

[Event "Xtracon Grandmaster "]
[Site "Koge"]
[Date "2013.10.15"]
[Round "2"]
[White "Wahlstrom, Lennart"]
[Black "Prosviriakov, Vladimir"]
[Result "1/2-1/2"]
[WhiteElo "2105"]
[BlackElo "2300"]
[PlyCount "85"]
[EventDate "2013.10.14"]
[EventType "swiss"]
[EventRounds "9"]
[EventCountry "DEN"]
[Source "ChessBase"]
[SourceDate "2013.11.20"]

1. e4 e5 2. Nf3 Nc6 3. Nc3 g6 4. d4 exd4 5. Nxd4 Bg7 6. Nxc6 bxc6 7. Bc4 Ne7 8.
Qf3 O-O 9. Bg5 Rb8 10. Bb3 d6 11. O-O Be6 12. Rfe1 Qd7 13. h3 f6 14. Be3 a5 15.
Rad1 g5 16. Na4 Qc8 17. Bxe6+ Qxe6 18. b3 Ng6 19. Qf5 Qxf5 20. exf5 Nh4 21. Bd2
Nxf5 22. Bxa5 Rf7 23. Bc3 Ra8 24. Rd3 d5 25. Re6 Nd6 26. Bb4 Bf8 27. f3 Kg7 28.
a3 Re7 29. Rxe7+ Bxe7 30. Nc5 Kf7 31. Rc3 Nb5 32. Re3 Nxa3 33. Rxe7+ Kxe7 34.
Na4+ Ke6 35. Bxa3 h5 36. Kf2 h4 37. Ke3 Kf5 38. Bb2 Ra5 39. Bd4 Ra8 40. Bc3
Re8+ 41. Kf2 Ra8 42. Bd4 Re8 43. Bc3 1/2-1/2

[Event "Xtracon Grandmaster "]
[Site "Koge"]
[Date "2013.10.16"]
[Round "3"]
[White "Akdag, Dara Sevkan"]
[Black "Wang, Peter"]
[Result "1-0"]
[WhiteElo "2278"]
[BlackElo "1941"]
[PlyCount "93"]
[EventDate "2013.10.14"]
[EventType "swiss"]
[EventRounds "9"]
[EventCountry "DEN"]
[Source "ChessBase"]
[SourceDate "2013.11.20"]

1. d4 d6 2. Nf3 Nd7 3. c4 Ngf6 4. Nc3 c6 5. e4 e5 6. Be2 Qc7 7. O-O g6 8. Bg5
Bg7 9. d5 h6 10. Be3 O-O 11. Ne1 Re8 12. Nd3 c5 13. h4 Nf8 14. h5 g5 15. g4 Qe7
16. f3 N8h7 17. a3 Kh8 18. b4 b6 19. Qb3 Nxh5 20. gxh5 Nf6 21. Kf2 Nxh5 22. Rh1
Nf4 23. Nxf4 exf4 24. Bd2 f5 25. Rae1 Bd4+ 26. Kf1 Qf6 27. Bd3 Bd7 28. exf5
Bxf5 29. Bxf5 Qxf5 30. Qb1 Qxb1 31. Rxb1 Kg7 32. Nb5 Be3 33. Bc3+ Kg6 34. Nc7
Rac8 35. Nxe8 Rxe8 36. Kg2 h5 37. Rhe1 g4 38. bxc5 dxc5 39. Bd2 Kf5 40. Bxe3
fxe3 41. Rb3 Kf4 42. fxg4 hxg4 43. d6 Re4 44. Rd3 Rxc4 45. d7 Rc2+ 46. Kg1 Kg3
47. Rdxe3+ 1-0

[Event "Xtracon Grandmaster "]
[Site "Koge"]
[Date "2013.10.16"]
[Round "3"]
[White "Akesson, Ralf"]
[Black "Jacobsen, Mikkel Manosri"]
[Result "1/2-1/2"]
[WhiteElo "2465"]
[BlackElo "1928"]
[PlyCount "58"]
[EventDate "2013.10.14"]
[EventType "swiss"]
[EventRounds "9"]
[EventCountry "DEN"]
[Source "ChessBase"]
[SourceDate "2013.11.20"]

1. c4 Nf6 2. Nc3 c6 3. e4 d5 4. cxd5 cxd5 5. e5 Ne4 6. Nxe4 dxe4 7. Qa4+ Nc6 8.
Qxe4 a6 9. Nf3 g6 10. Be2 Bf5 11. Qf4 h5 12. O-O Bh6 13. Qa4 b5 14. Qd1 Nd4 15.
Nxd4 Qxd4 16. d3 Bxc1 17. Qxc1 Rc8 18. Qd2 Qxe5 19. d4 Qd6 20. Rac1 O-O 21. Qe3
Rfd8 22. Bf3 Be6 23. h3 Rc4 24. d5 Bxd5 25. Bxd5 Qxd5 26. Qxe7 Rxc1 27. Rxc1
Qd7 28. Qxd7 Rxd7 29. Rc6 Rd2 1/2-1/2

[Event "Xtracon Grandmaster "]
[Site "Koge"]
[Date "2013.10.16"]
[Round "3"]
[White "Andersen, Daniel"]
[Black "Antonsen, Mikkel"]
[Result "1/2-1/2"]
[WhiteElo "1933"]
[BlackElo "2449"]
[PlyCount "102"]
[EventDate "2013.10.14"]
[EventType "swiss"]
[EventRounds "9"]
[EventCountry "DEN"]
[Source "ChessBase"]
[SourceDate "2013.11.20"]

1. c4 e6 2. g3 d5 3. d4 Nf6 4. Bg2 Be7 5. Nf3 O-O 6. O-O dxc4 7. Ne5 Nc6 8.
Bxc6 bxc6 9. Nxc6 Qe8 10. Nxe7+ Qxe7 11. Qc2 e5 12. Rd1 Bb7 13. Bg5 h6 14. dxe5
Qxe5 15. Bxf6 Qxf6 16. Nd2 Qc6 17. f3 Ba6 18. Rac1 Rad8 19. Ne4 Rb8 20. Kg2 Qb6
21. Rb1 Rfd8 22. Rxd8+ Rxd8 23. Nc3 Bc8 24. Rd1 Rxd1 25. Nxd1 Be6 26. Qc3 Qb5
27. a3 h5 28. Ne3 Qc5 29. Qd2 Qe5 30. Qc3 Qc5 31. Qd2 g6 32. Qc3 Kh7 33. Nc2 h4
34. Qd4 h3+ 35. Kf2 Qf5 36. Qh4+ Kg7 37. Qd4+ f6 38. Qe4 Qxe4 39. fxe4 Kf7 40.
Ke3 c5 41. Ne1 Ke7 42. Nc2 Kd6 43. Ne1 Bg4 44. Nf3 Be6 45. Nd2 Kc6 46. Nf3 c3
47. bxc3 Kb5 48. e5 fxe5 49. Nxe5 Ka4 50. Nd3 Kxa3 51. Nxc5 Bc4 1/2-1/2

[Event "Xtracon Grandmaster "]
[Site "Koge"]
[Date "2013.10.16"]
[Round "3"]
[White "Andersen, Finn"]
[Black "Brynell, Stellan"]
[Result "0-1"]
[WhiteElo "2060"]
[BlackElo "2492"]
[PlyCount "77"]
[EventDate "2013.10.14"]
[EventType "swiss"]
[EventRounds "9"]
[EventCountry "DEN"]
[Source "ChessBase"]
[SourceDate "2013.11.20"]

1. e4 e6 2. d3 d5 3. Nd2 Nf6 4. Ngf3 c5 5. g3 g6 6. Bg2 Bg7 7. O-O O-O 8. Re1
Nc6 9. c3 a5 10. a4 b6 11. Qc2 Ba6 12. exd5 exd5 13. Nf1 h6 14. h4 Qd7 15. Bf4
Nh5 16. Bd2 Rac8 17. N1h2 Kh7 18. g4 Nf6 19. g5 hxg5 20. Nxg5+ Kg8 21. Bh3 Qd6
22. Bxc8 Bxc8 23. Qc1 Nh5 24. Ngf3 Bf5 25. Qc2 c4 26. Be3 Bxd3 27. Qd2 Nd8 28.
b3 Ne6 29. bxc4 dxc4 30. Reb1 Nc5 31. Bxc5 Qxc5 32. Rb5 Qc7 33. Re1 Rd8 34. Ne5
Be4 35. Qg5 Bf5 36. Nxf7 Bf6 37. Nh6+ Kh7 38. Qe3 Rd3 39. Qe8 0-1

[Event "Xtracon Grandmaster "]
[Site "Koge"]
[Date "2013.10.16"]
[Round "3"]
[White "Andersen, Morten"]
[Black "Jensen, Jens Amstrup"]
[Result "1-0"]
[WhiteElo "2153"]
[BlackElo "1646"]
[PlyCount "59"]
[EventDate "2013.10.14"]
[EventType "swiss"]
[EventRounds "9"]
[EventCountry "DEN"]
[Source "ChessBase"]
[SourceDate "2013.11.20"]

1. e4 d6 2. g3 e5 3. Bg2 Nc6 4. d3 g6 5. c4 Bg7 6. Nc3 Nge7 7. Nge2 Bg4 8. f3
Bd7 9. O-O h5 10. Rb1 Qc8 11. Nd5 Nxd5 12. cxd5 Ne7 13. d4 Bh3 14. dxe5 Bxg2
15. Kxg2 Bxe5 16. f4 Bf6 17. Be3 h4 18. Bd4 Ng8 19. f5 g5 20. Bxf6 Nxf6 21. Qd4
Qd8 22. Rbc1 Qe7 23. Rfe1 Rh7 24. Nc3 h3+ 25. Kg1 Ng4 26. Nb5 c6 27. dxc6 Ne5
28. cxb7 Rb8 29. Nxd6+ Kf8 30. Rc8+ 1-0

[Event "Xtracon Grandmaster "]
[Site "Koge"]
[Date "2013.10.16"]
[Round "3"]
[White "Andreasen, Jon S"]
[Black "Hansen, Rasmus Agertoft"]
[Result "1-0"]
[WhiteElo "2239"]
[BlackElo "1940"]
[PlyCount "69"]
[EventDate "2013.10.14"]
[EventType "swiss"]
[EventRounds "9"]
[EventCountry "DEN"]
[Source "ChessBase"]
[SourceDate "2013.11.20"]

1. d4 f5 2. g3 g6 3. Bg2 Nf6 4. Nh3 Bg7 5. Nf4 Nc6 6. c3 d5 7. h4 e6 8. h5 Kf7
9. Nd2 Ng4 10. Nf3 Bf6 11. Nd3 g5 12. Ng1 Qd6 13. e3 b6 14. Ne2 Rg8 15. Qc2 Ba6
16. f3 Nh6 17. e4 dxe4 18. fxe4 fxe4 19. Bxe4 Nf5 20. g4 Nh6 21. Rg1 Raf8 22.
Bxh7 Rg7 23. Bg6+ Ke7 24. Be3 Na5 25. O-O-O Nc4 26. Bf2 Bb7 27. Rg3 a5 28. Ng1
Rxg6 29. hxg6 Be4 30. Qe2 Bxg6 31. Nf3 b5 32. Nde5 Bh7 33. Rh3 Bg7 34. Be3 Nxe5
35. dxe5 1-0

[Event "Xtracon Grandmaster "]
[Site "Koge"]
[Date "2013.10.16"]
[Round "3"]
[White "Elzubeir, Omar"]
[Black "Johansson, Alexander"]
[Result "0-1"]
[WhiteElo "1448"]
[BlackElo "2049"]
[PlyCount "52"]
[EventDate "2013.10.14"]
[EventType "swiss"]
[EventRounds "9"]
[EventCountry "DEN"]
[Source "ChessBase"]
[SourceDate "2013.11.20"]

1. e4 c5 2. Nf3 g6 3. Bc4 Nc6 4. c3 Bg7 5. O-O Nf6 6. e5 Ng4 7. Bxf7+ Kxf7 8.
Ng5+ Ke8 9. Qxg4 Nxe5 10. Qe2 h6 11. Nf3 Qc7 12. Nxe5 Bxe5 13. g3 b6 14. Re1
Bf6 15. Qe4 Bb7 16. Qxg6+ Kd8 17. d3 Qc6 18. Qe4 d5 19. Qg2 Qd7 20. d4 cxd4 21.
cxd4 Bxd4 22. Nc3 Rf8 23. Be3 Bxc3 24. bxc3 d4 25. Qf1 Qc6 26. f4 Qh1+ 0-1

[Event "Xtracon Grandmaster "]
[Site "Koge"]
[Date "2013.10.16"]
[Round "3"]
[White "Eriksson, Kristian"]
[Black "Kristensen, Benny"]
[Result "1-0"]
[WhiteElo "2093"]
[BlackElo "1879"]
[PlyCount "65"]
[EventDate "2013.10.14"]
[EventType "swiss"]
[EventRounds "9"]
[EventCountry "DEN"]
[Source "ChessBase"]
[SourceDate "2013.11.20"]

1. e4 e5 2. Nf3 Nc6 3. d4 exd4 4. Nxd4 Nf6 5. Nxc6 bxc6 6. e5 Nd5 7. Nd2 d6 8.
c4 Nb6 9. exd6 Bxd6 10. Be2 O-O 11. O-O Nd7 12. Nf3 Ne5 13. Be3 Nxf3+ 14. Bxf3
Qh4 15. g3 Qxc4 16. b3 Qa6 17. Qc2 Bd7 18. Rfd1 Rfd8 19. Rd4 Be5 20. Rh4 g6 21.
Rc1 Rab8 22. Ra4 Qb5 23. Rxa7 Ra8 24. a4 Qb4 25. Bc5 Qb8 26. Rxa8 Qxa8 27. Rd1
Bf5 28. Rxd8+ Qxd8 29. Qd1 Qxd1+ 30. Bxd1 Bd3 31. Bf3 Bc2 32. Bxc6 Bxb3 33. a5
1-0

[Event "Xtracon Grandmaster "]
[Site "Koge"]
[Date "2013.10.16"]
[Round "3"]
[White "Fries Nielsen, Jens Ove"]
[Black "Norlander, Svante"]
[Result "1-0"]
[WhiteElo "2386"]
[BlackElo "1766"]
[PlyCount "61"]
[EventDate "2013.10.14"]
[EventType "swiss"]
[EventRounds "9"]
[EventCountry "DEN"]
[Source "ChessBase"]
[SourceDate "2013.11.20"]

1. e4 c6 2. d4 d5 3. e5 c5 4. c3 Nc6 5. Ne2 Bg4 6. f3 Bh5 7. Nf4 Bg6 8. e6 cxd4
9. cxd4 Nf6 10. Nc3 a6 11. Bd3 Bxd3 12. Qxd3 Qd6 13. O-O fxe6 14. Re1 e5 15.
dxe5 Nxe5 16. Qf5 Qc5+ 17. Be3 Qd6 18. Bd4 Ned7 19. Ncxd5 Kf7 20. Re6 Qb8 21.
Rxe7+ Bxe7 22. Qe6+ Kf8 23. Qxe7+ Kg8 24. Qe6+ Kf8 25. Qe7+ Kg8 26. Ne6 Qf8 27.
Nxf8 Rxf8 28. Qe6+ Rf7 29. Rc1 h6 30. Rc8+ Nf8 31. Ne7+ 1-0

[Event "Xtracon Grandmaster "]
[Site "Koge"]
[Date "2013.10.16"]
[Round "3"]
[White "Hansen, Lars Henrik Bech"]
[Black "Tolba, Henri"]
[Result "1-0"]
[WhiteElo "2073"]
[BlackElo "1716"]
[PlyCount "41"]
[EventDate "2013.10.14"]
[EventType "swiss"]
[EventRounds "9"]
[EventCountry "DEN"]
[Source "ChessBase"]
[SourceDate "2013.11.20"]

1. e4 e6 2. d4 c5 3. Nf3 cxd4 4. Nxd4 Nc6 5. Nc3 a6 6. Be3 d6 7. Bd3 Bd7 8. O-O
e5 9. Nxc6 Bxc6 10. Nd5 Bxd5 11. exd5 Nf6 12. c4 Nd7 13. f4 Be7 14. Qc2 g6 15.
f5 Bg5 16. Rae1 Bxe3+ 17. Rxe3 Qb6 18. Qf2 O-O-O 19. a3 Nf6 20. fxg6 Ng4 21.
Bf5+ 1-0

[Event "Xtracon Grandmaster "]
[Site "Koge"]
[Date "2013.10.16"]
[Round "3"]
[White "Hansen, Verner"]
[Black "Hagen, Andreas Skytte"]
[Result "0-1"]
[WhiteElo "1903"]
[BlackElo "2421"]
[PlyCount "68"]
[EventDate "2013.10.14"]
[EventType "swiss"]
[EventRounds "9"]
[EventCountry "DEN"]
[Source "ChessBase"]
[SourceDate "2013.11.20"]

1. e4 c5 2. Nc3 d6 3. g3 Nc6 4. Bg2 g6 5. d3 Bg7 6. Nge2 e5 7. O-O Nge7 8. f4
O-O 9. Nd5 Nxd5 10. exd5 Ne7 11. c4 exf4 12. Rxf4 Nf5 13. Rb1 Re8 14. b4 Qb6
15. b5 Bd7 16. Bd2 Re7 17. Nc3 Nd4 18. Ne4 f5 19. Nc3 Rae8 20. Rf1 Qc7 21. Re1
Rxe1+ 22. Bxe1 Bc8 23. Bd2 Qe7 24. Qe1 Nc2 25. Qxe7 Rxe7 26. Bf1 Bd4+ 27. Kg2
Ne3+ 28. Kf3 f4 29. Bxe3 Rxe3+ 30. Kxf4 g5+ 31. Kxg5 Bxc3 32. Rd1 Rf3 33. Bg2
Bf6+ 34. Kh6 Bg7+ 0-1

[Event "Xtracon Grandmaster "]
[Site "Koge"]
[Date "2013.10.16"]
[Round "3"]
[White "Jorgensen, Rasmus"]
[Black "Gleizerov, Evgeny"]
[Result "0-1"]
[WhiteElo "2062"]
[BlackElo "2545"]
[PlyCount "68"]
[EventDate "2013.10.14"]
[EventType "swiss"]
[EventRounds "9"]
[EventCountry "DEN"]
[Source "ChessBase"]
[SourceDate "2013.11.20"]

1. e4 e6 2. d4 d5 3. Nc3 Nf6 4. Bg5 Be7 5. e5 Nfd7 6. h4 h6 7. Qh5 a6 8. f4 c5
9. O-O-O g6 10. Bxe7 Qxe7 11. Qg4 Nc6 12. dxc5 h5 13. Qg5 Nxc5 14. Nf3 b5 15.
Bd3 Bb7 16. Kb1 Rc8 17. Ne2 Ne4 18. Bxe4 dxe4 19. Qxe7+ Nxe7 20. Ng5 e3 21. Rh3
Bxg2 22. Rxe3 Nf5 23. Ra3 Nxh4 24. Rxa6 Nf5 25. Ra7 O-O 26. Rdd7 Rcd8 27. Rdc7
h4 28. Nxf7 Rxf7 29. Rxf7 Bf3 30. Nc1 h3 31. Rf6 h2 32. Rxg6+ Kh8 33. Rxe6 h1=Q
34. Rf6 Qxc1+ 0-1

[Event "Xtracon Grandmaster "]
[Site "Koge"]
[Date "2013.10.16"]
[Round "3"]
[White "Kjartansson, Gudmundur"]
[Black "Degerfeldt, Sven"]
[Result "1-0"]
[WhiteElo "2447"]
[BlackElo "1929"]
[PlyCount "73"]
[EventDate "2013.10.14"]
[EventType "swiss"]
[EventRounds "9"]
[EventCountry "DEN"]
[Source "ChessBase"]
[SourceDate "2013.11.20"]

1. c4 c5 2. g3 Nc6 3. Bg2 g6 4. Nc3 Bg7 5. Nf3 d6 6. O-O e5 7. a3 a5 8. Ne1
Nge7 9. Nc2 Be6 10. Ne3 O-O 11. Ned5 h6 12. d3 Kh7 13. Bd2 f5 14. Rb1 g5 15. b4
axb4 16. axb4 Bxd5 17. Nxd5 Nxd5 18. Bxd5 Qd7 19. bxc5 dxc5 20. Rb5 e4 21. dxe4
f4 22. e5 Kh8 23. Bc3 fxg3 24. hxg3 Qe7 25. Qb3 Ra7 26. Ra1 Rxa1+ 27. Bxa1 Nd4
28. Bxd4 cxd4 29. e6 Qf6 30. Qf3 Qe5 31. Qe4 Qf6 32. f3 d3 33. Qxd3 Qa1+ 34.
Kg2 g4 35. f4 Qe1 36. Rb1 Qa5 37. Rxb7 1-0

[Event "Xtracon Grandmaster "]
[Site "Koge"]
[Date "2013.10.16"]
[Round "3"]
[White "Knudsen, Martin Mosgaard"]
[Black "Nielsen, Klaus"]
[Result "0-1"]
[WhiteElo "1683"]
[BlackElo "2092"]
[PlyCount "52"]
[EventDate "2013.10.14"]
[EventType "swiss"]
[EventRounds "9"]
[EventCountry "DEN"]
[Source "ChessBase"]
[SourceDate "2013.11.20"]

1. e4 c5 2. Nf3 Nc6 3. d4 cxd4 4. Nxd4 g6 5. Nc3 Bg7 6. Nb3 Nf6 7. Be2 O-O 8.
Be3 a5 9. f3 a4 10. Nc1 a3 11. Nb3 axb2 12. Rb1 d6 13. Qd2 Nb4 14. a4 Bd7 15.
a5 Nh5 16. Nd5 Nxd5 17. exd5 Ba4 18. Qb4 Bxb3 19. Qxb3 Qxa5+ 20. Kf2 Qc3 21.
Rhd1 Ra1 22. Bc4 Rc8 23. Qxc3 Bxc3 24. Bb3 Rca8 25. Ke2 Rxb1 26. Rxb1 Ra1 0-1